Central Library OPAC University of Rajshahi

Dalhousie in India, 1848-56 : (Record no. 27670)

MARC details
000 -LEADER
fixed length control field 00915cam a2200277 i 4500
001 - CONTROL NUMBER
control field 27670
003 - CONTROL NUMBER IDENTIFIER
rucl marc code BD-RjUL
005 - DATE AND TIME OF LATEST TRANSACTION
control field 20211209051203.0
008 - FIXED-LENGTH DATA ELEMENTS--GENERAL INFORMATION
fixed length control field 140325s1975 ii b 001 0 eng
035 ## - SYSTEM CONTROL NUMBER
System control number (BD-RjUL)27749
040 ## - CATALOGING SOURCE
Original cataloging agency DLC
Transcribing agency DLC
Modifying agency DLC
-- BD-RjUL
Language of cataloging eng
041 ## - LANGUAGE CODE
Language code of text/sound track or separate title eng
082 00 - DEWEY DECIMAL CLASSIFICATION NUMBER
Classification number 954.0310924
Author mark and year GHD 1975
100 1# - MAIN ENTRY--PERSONAL NAME
Personal name Ghosh, Suresh Chandra.
9 (RLIN) 84987
245 10 - TITLE STATEMENT
Title Dalhousie in India, 1848-56 :
Remainder of title a study of his social policy as Governor-General /
Statement of responsibility, etc. by Suresh Chandra Ghosh.
260 ## - PUBLICATION, DISTRIBUTION, ETC. (IMPRINT)
Place of publication, distribution, etc. New Delhi :
Name of publisher, distributor, etc. Munshiram Manoharlal Publishers,
Date of publication, distribution, etc. 1975.
300 ## - PHYSICAL DESCRIPTION
Pagination 166 p. ;
Size 22 cm.
504 ## - BIBLIOGRAPHY, ETC. NOTE
Bibliography, etc Bibliography: p. [147]-157.
Bibliography, etc Includes index.
600 10 - SUBJECT ADDED ENTRY--PERSONAL NAME
Personal name Dalhousie, James Andrew Broun Ramsay,
Titles and other words associated with a name Marquis of,
Dates associated with a name 1812-1860.
650 #0 - SUBJECT ADDED ENTRY--TOPICAL TERM
Topical term or geographic name as entry element Governors general
Geographic subdivision India.
9 (RLIN) 84989
651 #0 - SUBJECT ADDED ENTRY--GEOGRAPHIC NAME
Geographic name India
General subdivision Social policy.
9 (RLIN) 84990
942 ## - ADDED ENTRY ELEMENTS (KOHA)
Source of classification or shelving scheme Dewey Decimal Classification
Koha item type Books
Holdings
Lost status Source of classification or shelving scheme Damaged status Not for loan Collection code Permanent Location Current Location Shelving location Date acquired Source of acquisition Cost, normal purchase price Total Checkouts Full call number Date last seen Copy number Koha item type
  Dewey Decimal Classification   Added to bundle Non-fiction Central Library, University of Rajshahi Central Library, University of Rajshahi Reading Room 10/05/1980 K.P. Bangali and calcuta 40.00   954.0310924 GHD 1975 25/03/2014 C-1 Books